Growing pains of the growth areas (Record no. 77025)

MARC details
000 -LEADER
fixed length control field 00941cab a2200205 4500
001 - CONTROL NUMBER
control field ##L133471
008 - FIXED-LENGTH DATA ELEMENTS--GENERAL INFORMATION
fixed length control field 060511n2006 000 0 eng u
035 ## - SYSTEM CONTROL NUMBER
System control number (Sirsi) u133471
041 0# - LANGUAGE CODE
Language code of text/sound track or separate title eng
100 1# - MAIN ENTRY--PERSONAL NAME
Personal name Edge, Jeremy
245 00 - TITLE STATEMENT
Title Growing pains of the growth areas
260 ## - PUBLICATION, DISTRIBUTION, ETC.
Date of publication, distribution, etc. 2006
490 #0 - SERIES STATEMENT
Series statement Property Forecast
Volume/sequential designation 9(4) April 2006, 4-5(2)
520 ## - SUMMARY, ETC.
Summary, etc. Critically examines the way the government is addressing the problem of lack of infrastructure in its plans for massive new housing developments in the growth areas established under the Sustainable Communities Plan in February 2003. Advocates a greater use of modern, partnership-based Urban Development Corporations to achieve UK government objectives.
590 ## - LOCAL NOTE (RLIN)
Local note IKA230506
650 24 - SUBJECT ADDED ENTRY--TOPICAL TERM
Topical term or geographic name entry element SUSTAINABLE COMMUNITIES: BUILDING FOR THE FUTURE
651 #4 - SUBJECT ADDED ENTRY--GEOGRAPHIC NAME
Geographic name England
Chronological subdivision 886-
690 ## - LOCAL SUBJECT ADDED ENTRY--TOPICAL TERM (OCLC, RLIN)
Topical term or geographic name as entry element ENVIRONMENTAL AND LAND CONSULTANCY-SUSTAINABILITY-SUSTAINABLE DEVELOPMENT
942 ## - ADDED ENTRY ELEMENTS (KOHA)
Suppress in OPAC 0
Holdings
Withdrawn status Lost status Source of classification or shelving scheme Damaged status Not for loan Home library Current library Shelving location Date acquired Total Checkouts Full call number Barcode Date last seen Copy number Price effective from Koha item type
    Dewey Decimal Classification     London London Journal article 11/05/2006   L133471 133471-1001 06/08/2019 1 06/08/2019 Journal article